Grupos en situación de especial protección en la región andina : (Registro nro. 4262)

000 -CABECERA
campo de control de longitud fija 00840nam a22002057a 4500
005 - FECHA Y HORA DE LA ÚLTIMA TRANSACCIÓN
campo de control 20251215181300.0
008 - DATOS DE LONGITUD FIJA--INFORMACIÓN GENERAL
campo de control de longitud fija 251215b ||||fr|||| 00| 0 eng d
020 ## - NÚMERO INTERNACIONAL ESTÁNDAR DEL LIBRO
ISBN 978-603-4028-00-5
040 ## - FUENTE DE LA CATALOGACIÓN
Centro catalogador/agencia de origen CENDOC CAAAP
Lengua de catalogación spa
Centro/agencia transcriptor CAAAP
041 ## - CÓDIGO DE LENGUA
Código de lengua del texto/banda sonora o título independiente spa
050 ## - SIGNATURA TOPOGRÁFICA DE LA BIBLIOTECA DEL CONGRESO
Número de clasificación JC 599.A5
Número de documento/Ítem .C66
110 2# - ENTRADA PRINCIPAL--NOMBRE DE ENTIDAD CORPORATIVA
9 (RLIN) 3285
Nombre de entidad corporativa o nombre de jurisdicción como elemento de entrada Comisión Andina de Juristas.
245 1# - MENCIÓN DE TÍTULO
Título Grupos en situación de especial protección en la región andina :
Subtitulo Protección y garantia de los Derechos Humanos a través de políticas públicas
Mención de responsabilidad, etc. Comisión Andina de Juristas
250 ## - MENCIÓN DE EDICIÓN
Mención de edición 1ra edición
260 #1 - PUBLICACIÓN, DISTRIBUCIÓN, ETC.
Lugar de publicación, distribución, etc. Lima, Perú :
Nombre del editor, distribuidor, etc. Comisión Andina de Juristas.
Fecha de publicación, distribución, etc. 2008
300 ## - DESCRIPCIÓN FÍSICA
Extensión 150 páginas ;
Dimensiones 28 x 21 cm
650 #0 - PUNTO DE ACCESO ADICIONAL DE MATERIA--TÉRMINO DE MATERIA
9 (RLIN) 381
Término de materia o nombre geográfico como elemento de entrada Derechos Humanos
Subdivisión de forma Grupos vulnerables
Subdivisión general Políticas pública
650 #0 - PUNTO DE ACCESO ADICIONAL DE MATERIA--TÉRMINO DE MATERIA
9 (RLIN) 2207
Término de materia o nombre geográfico como elemento de entrada Derechos Sociales
Subdivisión de forma Protección
Subdivisión general Indicadores sociales
942 ## - ELEMENTOS PERSONALIZADOS KOHA
Fuente del sistema de clasificación o colocación
Fecha de catalogación DD - MM - AA
Existencias
Fuente del sistema de clasificación o colocación Localización permanente Ubicación/localización actual Fecha de adquisición Total de préstamos Signatura LC Fecha visto por última vez
  CENTRO DE DOCUMENTACIÓN (CENDOC) CENTRO DE DOCUMENTACIÓN (CENDOC) 12/15/2025   JC 599.A5 .C66 12/15/2025
Centro de Documentación CAAAP | AV. Manuel González Prada 626, Magdalena del Mar | (51-1) 4615223 Anexo 205 y 209 | cendoc@caaap.org.pe